[Event "Pan American Intercollegiate-chT"]
[Site "Dulles"]
[Date "2022.01.07"]
[Round "3.2"]
[White "Raja, Harshit"]
[Black "Bajarani, Ulvi"]
[Result "1/2-1/2"]
[WhiteElo "2484"]
[BlackElo "2416"]
[PlyCount "63"]
[EventDate "2022.01.06"]
[EventType "team-swiss"]
[EventRounds "6"]
[EventCountry "USA"]
[SourceTitle "EXT 2023"]
[Source "ChessBase"]
[SourceDate "2022.10.05"]
[SourceVersion "1"]
[SourceVersionDate "2022.10.05"]
[SourceQuality "1"]
[WhiteTeam "Missouri Univ"]
[BlackTeam "Texas Rio Grande Valley Univ"]
[WhiteTeamCountry "USA"]
[BlackTeamCountry "USA"]

1. e4 c5 2. Nf3 e6 3. d4 cxd4 4. Nxd4 Nc6 5. Nc3 Qc7 6. Be3 a6 7. Qd2 Nf6 8. f4 Bb4 9. Bd3 Na5 10. a3 Bxc3 11. Qxc3 Qxc3+ 12. bxc3 d5 13. exd5 exd5 14. Nb3 Nc4 15. Bd4 Ne4 16. Bxc4 dxc4 17. Nc5 Nxc5 18. Bxc5 Bd7 19. 0-0-0 0-0-0 20. Bb6 Rde8 21. Rd5 Bc6 22. Rd2 Re7 23. f5 Rd7 24. Rhd1 Rxd2 25. Rxd2 Bd7 26. g4 h5 27. h3 hxg4 28. hxg4 Rh6 29. Be3 Rh3 30. Bb6 Rh6 31. Be3 Rh3 32. Bb6 1/2-1/2

[Event "Brownsville UT RGV GM"]
[Site "Brownsville"]
[Date "2021.12.22"]
[Round "9"]
[White "Bajarani, Ulvi"]
[Black "Beukes, Dante M"]
[Result "1/2-1/2"]
[WhiteElo "2435"]
[BlackElo "2144"]
[PlyCount "22"]
[EventDate "2021.12.18"]
[EventType "tourn"]
[EventRounds "11"]
[EventCountry "USA"]
[EventCategory "6"]
[SourceTitle "EXT 2023"]
[Source "ChessBase"]
[SourceDate "2022.10.05"]
[SourceVersion "1"]
[SourceVersionDate "2022.10.05"]
[SourceQuality "1"]

1. d4 Nf6 2. c4 g6 3. Nc3 Bg7 4. e4 d6 5. Be2 0-0 6. Bg5 c5 7. d5 e6 8. Qd2 exd5 9. exd5 Qb6 10. Nf3 Bf5 11. 0-0 Ne4 1/2-1/2

[Event "Charlotte CCCSA Labor Day IM-D"]
[Site "Charlotte"]
[Date "2021.09.03"]
[Round "3"]
[White "Prilleltensky, Matan"]
[Black "Bajarani, Ulvi"]
[Result "1/2-1/2"]
[WhiteElo "2162"]
[BlackElo "2435"]
[PlyCount "24"]
[EventDate "2021.09.02"]
[EventType "tourn"]
[EventRounds "9"]
[EventCountry "USA"]
[EventCategory "1"]
[SourceTitle "CBM 204 Extra"]
[Source "ChessBase"]
[SourceDate "2021.11.30"]
[SourceVersion "1"]
[SourceVersionDate "2021.11.30"]
[SourceQuality "1"]

1. c4 e5 2. Nc3 Nf6 3. Nf3 Nc6 4. e3 Bb4 5. Qc2 Bxc3 6. Qxc3 Qe7 7. a3 d5 8. d4 exd4 9. Nxd4 Nxd4 10. Qxd4 c5 11. Qh4 dxc4 12. Bxc4 Be6 1/2-1/2

[Event "Charlotte CCCSA Labor Day IM-D"]
[Site "Charlotte"]
[Date "2021.09.02"]
[Round "1"]
[White "Bajarani, Ulvi"]
[Black "King, Alexander B"]
[Result "1/2-1/2"]
[WhiteElo "2435"]
[BlackElo "2276"]
[PlyCount "67"]
[EventDate "2021.09.02"]
[EventType "tourn"]
[EventRounds "9"]
[EventCountry "USA"]
[EventCategory "1"]
[SourceTitle "CBM 204 Extra"]
[Source "ChessBase"]
[SourceDate "2021.11.30"]
[SourceVersion "1"]
[SourceVersionDate "2021.11.30"]
[SourceQuality "1"]

1. d4 d5 2. c4 e6 3. Nc3 Nf6 4. Nf3 Be7 5. Bg5 Nbd7 6. e3 h6 7. Bh4 0-0 8. Rc1 c5 9. cxd5 Nxd5 10. Bxe7 Nxe7 11. dxc5 Nxc5 12. b4 Qxd1+ 13. Rxd1 Nd7 14. g3 Nb6 15. Bg2 Nbd5 16. Nxd5 Nxd5 17. Rd4 b6 18. Ne5 Bb7 19. Kd2 Rac8 20. Bxd5 Bxd5 21. e4 Ba8 22. f3 f6 23. Nd3 e5 24. Rd7 Bc6 25. Rxa7 Ra8 26. Rxa8 Rxa8 27. Rc1 Rxa2+ 28. Rc2 Rxc2+ 29. Kxc2 Bb5 30. f4 Bxd3+ 31. Kxd3 b5 32. Ke3 g5 33. Kf3 h5 34. f5 1/2-1/2

[Event "Charlotte CCCSA Summer IM-C"]
[Site "Charlotte"]
[Date "2021.08.01"]
[Round "9"]
[White "Bajarani, Ulvi"]
[Black "Jones, Craig W"]
[Result "1/2-1/2"]
[WhiteElo "2440"]
[BlackElo "2106"]
[PlyCount "89"]
[EventDate "2021.07.28"]
[EventType "tourn"]
[EventRounds "9"]
[EventCountry "USA"]
[SourceTitle "CBM 203 Extra"]
[Source "ChessBase"]
[SourceDate "2021.09.30"]
[SourceVersion "1"]
[SourceVersionDate "2021.09.30"]
[SourceQuality "1"]

1. d4 Nf6 2. c4 g6 3. Nc3 Bg7 4. e4 d6 5. Be2 0-0 6. Bg5 c5 7. d5 Qa5 8. Qd2 e6 9. Nf3 exd5 10. exd5 Bg4 11. 0-0 Nbd7 12. a3 a6 13. Rab1 Rfe8 14. Rfe1 Bxf3 15. Bxf3 Rxe1+ 16. Qxe1 Re8 17. Qd2 b5 18. cxb5 axb5 19. b4 cxb4 20. axb4 Qb6 21. Be3 Qb7 22. Be2 Ne4 23. Nxe4 Rxe4 24. Qd3 Rc4 25. Qd1 Rc8 26. Qd3 Rc4 27. Qa3 Rc2 28. Bf1 Nf6 29. Ra1 Nxd5 30. Qa8+ Qc8 31. Qxc8+ Rxc8 32. Rd1 Nxe3 33. fxe3 Be5 34. Rb1 Rb8 35. g3 f5 36. Rd1 Kf8 37. Rd5 Ke7 38. Rxb5 Rxb5 39. Bxb5 Bc3 40. Bd3 Bxb4 41. e4 fxe4 42. Bxe4 Kf6 43. Kf2 h6 44. Ke3 g5 45. Kd4 1/2-1/2

[Event "Charlotte CCCSA Summer IM-C"]
[Site "Charlotte"]
[Date "2021.07.31"]
[Round "7"]
[White "Bajarani, Ulvi"]
[Black "Turgut, Aydin"]
[Result "1/2-1/2"]
[WhiteElo "2440"]
[BlackElo "2275"]
[PlyCount "28"]
[EventDate "2021.07.28"]
[EventType "tourn"]
[EventRounds "9"]
[EventCountry "USA"]
[SourceTitle "CBM 203 Extra"]
[Source "ChessBase"]
[SourceDate "2021.09.30"]
[SourceVersion "1"]
[SourceVersionDate "2021.09.30"]
[SourceQuality "1"]

1. d4 d5 2. c4 e6 3. Nc3 Bb4 4. Nf3 Nf6 5. g3 dxc4 6. Bg2 0-0 7. 0-0 Nc6 8. a3 Be7 9. e4 a6 10. h3 Na5 11. Bg5 Nb3 12. Rb1 b5 13. Qc2 Bb7 14. Rbd1 h6 1/2-1/2

[Event "Charlotte CCCSA Summer IM-C"]
[Site "Charlotte"]
[Date "2021.07.30"]
[Round "5"]
[White "Bajarani, Ulvi"]
[Black "Matta, Nicholas F"]
[Result "1-0"]
[WhiteElo "2440"]
[BlackElo "2231"]
[PlyCount "89"]
[EventDate "2021.07.28"]
[EventType "tourn"]
[EventRounds "9"]
[EventCountry "USA"]
[SourceTitle "CBM 203 Extra"]
[Source "ChessBase"]
[SourceDate "2021.09.30"]
[SourceVersion "1"]
[SourceVersionDate "2021.09.30"]
[SourceQuality "1"]

1. d4 d5 2. c4 e6 3. Nc3 Be7 4. Nf3 Nf6 5. Bg5 0-0 6. e3 h6 7. Bh4 Ne4 8. Bxe7 Qxe7 9. Rc1 c6 10. h4 Nd7 11. g4 g6 12. g5 Nxc3 13. Rxc3 h5 14. Qc2 Qd6 15. cxd5 exd5 16. Bd3 Re8 17. Kd2 Kg7 18. Kc1 Re6 19. Kb1 b6 20. Bf1 c5 21. b3 Re8 22. Kb2 Bb7 23. Bb5 Bc6 24. Be2 a5 25. Rc1 a4 26. dxc5 bxc5 27. Rxc5 Qxc5 28. Qxc5 Nxc5 29. Rxc5 axb3 30. axb3 Bb7 31. Rc7 Ra7 32. Nd4 Rea8 33. Rd7 Ba6 34. Rxa7 Rxa7 35. Bf3 Bb7 36. Bd1 Bc8 37. Bf3 Rd7 38. b4 Rd6 39. Kc3 f6 40. b5 fxg5 41. hxg5 h4 42. Kb4 h3 43. Kc5 Rd8 44. b6 Ba6 45. Ne6+ 1-0

[Event "Charlotte CCCSA Summer IM-C"]
[Site "Charlotte"]
[Date "2021.07.28"]
[Round "1"]
[White "Martin Del Campo C, Roberto Abel"]
[Black "Bajarani, Ulvi"]
[Result "1-0"]
[WhiteElo "2297"]
[BlackElo "2440"]
[PlyCount "41"]
[EventDate "2021.07.28"]
[EventType "tourn"]
[EventRounds "9"]
[EventCountry "USA"]
[SourceTitle "CBM 203 Extra"]
[Source "ChessBase"]
[SourceDate "2021.09.30"]
[SourceVersion "1"]
[SourceVersionDate "2021.09.30"]
[SourceQuality "1"]

1. e4 c5 2. Nf3 e6 3. d4 cxd4 4. Nxd4 Nc6 5. Nc3 Qc7 6. Be3 a6 7. Bd3 Nf6 8. 0-0 Ne5 9. h3 Bc5 10. Kh1 d6 11. f4 Ng6 12. Qe1 0-0 13. f5 Ne5 14. Qh4 b5 15. Rf3 Nxf3 16. gxf3 Qb6 17. Rg1 Bxd4 18. e5 Bxe3 19. Rxg7+ Kh8 20. Rxh7+ Nxh7 21. f6 1-0

[Event "Dulles Cherry Blossom op"]
[Site "Dulles"]
[Date "2021.05.30"]
[Round "6"]
[White "Bajarani, Ulvi"]
[Black "Samuelson, Andrew"]
[Result "1/2-1/2"]
[WhiteElo "2458"]
[BlackElo "2111"]
[PlyCount "83"]
[EventDate "2021.05.27"]
[EventType "swiss"]
[EventRounds "9"]
[EventCountry "USA"]
[SourceTitle "CBM 203 Extra"]
[Source "ChessBase"]
[SourceDate "2021.09.30"]
[SourceVersion "1"]
[SourceVersionDate "2021.09.30"]
[SourceQuality "1"]

1. e4 c5 2. Nf3 d6 3. Bb5+ Nd7 4. d4 cxd4 5. Qxd4 a6 6. Be2 Ngf6 7. 0-0 g6 8. Rd1 Bg7 9. e5 dxe5 10. Nxe5 0-0 11. Bf4 Qb6 12. Qxb6 Nxb6 13. c4 Be6 14. Nc3 Rac8 15. b3 Nfd7 16. Nxd7 Nxd7 17. Rac1 b5 18. Nd5 Bxd5 19. cxd5 Be5 20. Bxe5 Nxe5 21. f4 Nd7 22. Rc6 Nb8 23. Rb6 Rc2 24. Bg4 f5 25. Bf3 Rd8 26. d6 exd6 27. Rdxd6 Rxd6 28. Rxd6 Kf7 29. Rb6 Nd7 30. Rxa6 Nc5 31. Ra7+ Ke6 32. h4 Nd3 33. a4 bxa4 34. Ra6+ Ke7 35. Rxa4 Rb2 36. Bd5 Kd6 37. Bg8 Ne1 38. Bxh7 Nxg2 39. h5 gxh5 40. Bxf5 Ne3 41. Be4 Rxb3 42. Rd4+ 1/2-1/2

[Event "Dulles Cherry Blossom op"]
[Site "Dulles"]
[Date "2021.05.29"]
[Round "5"]
[White "Paciorkowski, Lev"]
[Black "Bajarani, Ulvi"]
[Result "1-0"]
[WhiteElo "2220"]
[BlackElo "2458"]
[PlyCount "59"]
[EventDate "2021.05.27"]
[EventType "swiss"]
[EventRounds "9"]
[EventCountry "USA"]
[SourceTitle "CBM 203 Extra"]
[Source "ChessBase"]
[SourceDate "2021.09.30"]
[SourceVersion "1"]
[SourceVersionDate "2021.09.30"]
[SourceQuality "1"]

1. e4 e6 2. d3 d5 3. Qe2 dxe4 4. dxe4 e5 5. Nf3 Nc6 6. c3 Bd6 7. Qc2 Qe7 8. Nbd2 Nf6 9. Be2 0-0 10. 0-0 Nh5 11. Nc4 Nf4 12. Bxf4 exf4 13. Rad1 Bc5 14. b4 Bb6 15. e5 Bg4 16. Qe4 Rae8 17. Rfe1 f6 18. Nxb6 cxb6 19. Bc4+ Kh8 20. e6 Qc7 21. Bb3 g5 22. h3 Bh5 23. b5 Ne5 24. Nxe5 Bxd1 25. Nd7 Bxb3 26. axb3 Qxc3 27. Nxf8 Rxf8 28. Rd1 f5 29. e7 Re8 30. Qe6 1-0

[Event "Dulles Cherry Blossom op"]
[Site "Dulles"]
[Date "2021.05.28"]
[Round "2"]
[White "Bajarani, Ulvi"]
[Black "Lee, Justin"]
[Result "1-0"]
[WhiteElo "2458"]
[BlackElo "1987"]
[PlyCount "73"]
[EventDate "2021.05.27"]
[EventType "swiss"]
[EventRounds "9"]
[EventCountry "USA"]
[SourceTitle "CBM 203 Extra"]
[Source "ChessBase"]
[SourceDate "2021.09.30"]
[SourceVersion "1"]
[SourceVersionDate "2021.09.30"]
[SourceQuality "1"]

1. d4 d5 2. c4 c6 3. Nf3 Nf6 4. Nc3 e6 5. Bg5 Be7 6. e3 0-0 7. Bd3 Nbd7 8. cxd5 Nxd5 9. Bxe7 Qxe7 10. 0-0 N5f6 11. Qc2 e5 12. Rfe1 exd4 13. exd4 Qd6 14. Ng5 h6 15. Nge4 Qxd4 16. Rad1 Qb6 17. Bc4 Qa5 18. Bb3 Qf5 19. Qe2 Nxe4 20. Nxe4 Nc5 21. Nd6 Qf6 22. Bxf7+ Kh8 23. Qe7 Qxe7 24. Rxe7 b6 25. b4 Na4 26. Bb3 Nc3 27. Rd3 Nd5 28. Bxd5 cxd5 29. Rxd5 Ba6 30. b5 Bc8 31. Rde5 Kg8 32. h3 a6 33. Rc7 Rd8 34. Ne4 Rd7 35. Re8+ Kf7 36. Nd6+ Kf6 37. Rxd7 1-0

[Event "FIDE World Uni Rapid-F 1st"]
[Site "Tornelo INT"]
[Date "2021.03.21"]
[Round "7"]
[White "Bajarani, Ulvi"]
[Black "Kevlishvili, Robby"]
[Result "1/2-1/2"]
[WhiteElo "2458"]
[BlackElo "2495"]
[PlyCount "90"]
[EventDate "2021.03.20"]
[EventType "swiss (rapid)"]
[EventRounds "12"]
[EventCountry "NET"]
[SourceTitle "EXT 2022"]
[Source "ChessBase"]
[SourceDate "2021.10.06"]
[SourceVersion "1"]
[SourceVersionDate "2021.10.06"]
[SourceQuality "1"]

1. d4 d5 2. c4 c6 3. Nf3 Nf6 4. Nc3 e6 5. Bg5 h6 6. Bxf6 Qxf6 7. e3 Nd7 8. Be2 g6 9. 0-0 Bg7 10. cxd5 exd5 11. b4 a6 12. a4 Qd6 13. b5 axb5 14. axb5 Rxa1 15. Qxa1 0-0 16. bxc6 bxc6 17. Qa2 Re8 18. Rc1 Nf8 19. Na4 g5 20. Qc2 Qa3 21. Nb2 Bd7 22. Nd3 Ng6 23. h3 Rb8 24. Bf1 Bf6 25. Qc5 Qxc5 26. Nxc5 Be8 27. Bd3 Ne7 28. Nh2 Bg7 29. g4 Nc8 30. Nf1 Nd6 31. Ng3 Bf8 32. Ra1 Be7 33. Nf5 Nxf5 34. Bxf5 Bxc5 35. dxc5 Kf8 36. Kg2 Rb5 37. Rc1 Ke7 38. Kf3 Bd7 39. Bd3 Rb3 40. Ke2 f5 41. gxf5 Kf6 42. e4 dxe4 43. Bxe4 Ke5 44. f3 Bxf5 45. Bxc6 Bxh3 1/2-1/2

[Event "FIDE World Uni Rapid-F 1st"]
[Site "Tornelo INT"]
[Date "2021.03.20"]
[Round "3"]
[White "Bajarani, Ulvi"]
[Black "Antonov, Andrey P"]
[Result "1-0"]
[WhiteElo "2458"]
[BlackElo "2137"]
[PlyCount "75"]
[EventDate "2021.03.20"]
[EventType "swiss (rapid)"]
[EventRounds "12"]
[EventCountry "NET"]
[SourceTitle "EXT 2022"]
[Source "ChessBase"]
[SourceDate "2021.10.06"]
[SourceVersion "1"]
[SourceVersionDate "2021.10.06"]
[SourceQuality "1"]

1. d4 Nf6 2. c4 g6 3. Nc3 Bg7 4. e4 d6 5. f4 0-0 6. Nf3 c5 7. d5 e6 8. dxe6 Bxe6 9. Bd3 Nc6 10. 0-0 Re8 11. f5 Bd7 12. a3 a6 13. Bg5 h6 14. Bf4 Ne5 15. fxg6 fxg6 16. Nxe5 dxe5 17. Be3 Bg4 18. Qd2 Qd6 19. h3 Bh5 20. g4 Bxg4 21. hxg4 Nxg4 22. Nd5 Rf8 23. Be2 Nf6 24. Nxf6+ Rxf6 25. Qxd6 Rxd6 26. Rad1 Rad8 27. Rd5 Rxd5 28. cxd5 Bf8 29. Rf6 Kg7 30. Re6 Bd6 31. Bd2 b6 32. Bc3 h5 33. Rxd6 Rxd6 34. Bxe5+ Rf6 35. d6 Kf7 36. Bc4+ Re6 37. d7 Ke7 38. Bxe6 1-0

[Event "FIDE World Uni Blitz-C 1st"]
[Site "Tornelo INT"]
[Date "2021.03.13"]
[Round "3.9"]
[White "Bajarani, Ulvi"]
[Black "Doluweera, Minul Sanjula"]
[Result "1-0"]
[WhiteElo "2458"]
[BlackElo "2139"]
[PlyCount "41"]
[EventDate "2021.03.13"]
[EventType "swiss (blitz)"]
[EventRounds "10"]
[EventCountry "NET"]
[SourceTitle "EXT 2022"]
[Source "ChessBase"]
[SourceDate "2021.10.06"]
[SourceVersion "1"]
[SourceVersionDate "2021.10.06"]
[SourceQuality "1"]

1. d4 d5 2. c4 e6 3. Nf3 Nf6 4. g3 Bb4+ 5. Nc3 dxc4 6. Bg2 b5 7. a4 c6 8. 0-0 Bxc3 9. bxc3 Nbd7 10. Ba3 a5 11. Qc2 Ba6 12. Rab1 Rb8 13. Rfd1 Qc7 14. Ne5 Nxe5 15. dxe5 Nd5 16. Bd6 Qc8 17. Bxb8 Qxb8 18. axb5 cxb5 19. Bxd5 exd5 20. Qa2 a4 21. Qxa4 1-0

[Event "FIDE World Uni Blitz-C 1st"]
[Site "Tornelo INT"]
[Date "2021.03.13"]
[Round "5.1"]
[White "Bajarani, Ulvi"]
[Black "Sarana, Alexey"]
[Result "1/2-1/2"]
[WhiteElo "2458"]
[BlackElo "2649"]
[PlyCount "127"]
[EventDate "2021.03.13"]
[EventType "swiss (blitz)"]
[EventRounds "10"]
[EventCountry "NET"]
[SourceTitle "EXT 2022"]
[Source "ChessBase"]
[SourceDate "2021.10.06"]
[SourceVersion "1"]
[SourceVersionDate "2021.10.06"]
[SourceQuality "1"]

1. d4 Nf6 2. c4 e6 3. Nc3 Bb4 4. e3 0-0 5. Bd3 c5 6. Nf3 cxd4 7. exd4 b6 8. 0-0 Bb7 9. Bd2 d5 10. cxd5 Nxd5 11. Qe2 Nd7 12. Rad1 Be7 13. a3 Rc8 14. Ne4 Qc7 15. Neg5 N7f6 16. Ne5 h6 17. Ngf3 Rfd8 18. Rfe1 Bd6 19. h3 Qe7 20. Bb1 Bb8 21. Qd3 a6 22. Rc1 b5 23. Qe2 Ba7 24. Rcd1 b4 25. axb4 Bb8 26. b5 axb5 27. Qxb5 Bd6 28. Qe2 Rb8 29. Rc1 Rdc8 30. Bd3 Bb4 31. Rxc8+ Rxc8 32. Rc1 Rb8 33. Bxb4 Nxb4 34. Bc4 Rd8 35. b3 Be4 36. Re1 Rb8 37. Qd2 Rc8 38. Qf4 Nbd5 39. Bxd5 Bxd5 40. Rc1 Rxc1+ 41. Qxc1 Bxb3 42. Qc8+ Kh7 43. Qc3 Bd5 44. Qc2+ Be4 45. Qc5 Qe8 46. Qc7 Kg8 47. Nd2 Nd5 48. Qxf7+ Qxf7 49. Nxf7 Bxg2 50. Nxh6+ gxh6 51. Kxg2 Kf7 52. Kf3 Kg6 53. Ne4 Kf5 54. Ng3+ Kg5 55. Ke4 Kh4 56. Ke5 Nc7 57. Kf6 Kxh3 58. Kg6 Kg2 59. Kxh6 Kxf2 60. Nh5 Ke3 61. Ng7 e5 62. dxe5 Ke4 63. e6 Nxe6 64. Nxe6 1/2-1/2

[Event "FIDE World Uni Blitz-C 1st"]
[Site "Tornelo INT"]
[Date "2021.03.13"]
[Round "2.10"]
[White "Fecker, Jan"]
[Black "Bajarani, Ulvi"]
[Result "0-1"]
[WhiteElo "1932"]
[BlackElo "2458"]
[PlyCount "74"]
[EventDate "2021.03.13"]
[EventType "swiss (blitz)"]
[EventRounds "10"]
[EventCountry "NET"]
[SourceTitle "EXT 2022"]
[Source "ChessBase"]
[SourceDate "2021.10.06"]
[SourceVersion "1"]
[SourceVersionDate "2021.10.06"]
[SourceQuality "1"]

1. d4 d5 2. Bf4 Nf6 3. e3 g6 4. Nd2 Bg7 5. Be2 0-0 6. Ngf3 c5 7. c3 Nc6 8. 0-0 Nd7 9. Bg3 e5 10. dxe5 Ndxe5 11. Nxe5 Nxe5 12. Nf3 Nc6 13. Qd2 Be6 14. Rfd1 Qb6 15. Rac1 h6 16. h3 Rac8 17. Rc2 Rfd8 18. Qc1 Qa5 19. b3 a6 20. c4 Nb4 21. Rcd2 Nxa2 22. Qb1 Nc3 23. Qc2 Nxd1 24. Rxd1 dxc4 25. bxc4 Rxd1+ 26. Qxd1 Qa1 27. Qxa1 Bxa1 28. Be5 Bxe5 29. Nxe5 a5 30. Kf1 a4 31. Bd3 a3 32. Bb1 b5 33. Ba2 bxc4 34. Nxc4 Bxc4+ 35. Bxc4 Ra8 36. Ba2 Rb8 37. Ke1 Rb2 0-1

[Event "FIDE World Uni Blitz-C 1st"]
[Site "Tornelo INT"]
[Date "2021.03.13"]
[Round "8.1"]
[White "Quirhuayo Chumbe, German Gonzalo"]
[Black "Bajarani, Ulvi"]
[Result "1/2-1/2"]
[WhiteElo "2296"]
[BlackElo "2458"]
[PlyCount "125"]
[EventDate "2021.03.13"]
[EventType "swiss (blitz)"]
[EventRounds "10"]
[EventCountry "NET"]
[SourceTitle "EXT 2022"]
[Source "ChessBase"]
[SourceDate "2021.10.06"]
[SourceVersion "1"]
[SourceVersionDate "2021.10.06"]
[SourceQuality "1"]

1. e4 e6 2. d4 d5 3. Nc3 Bb4 4. a3 Bxc3+ 5. bxc3 dxe4 6. Qg4 Nf6 7. Qxg7 Rg8 8. Qh6 Rg6 9. Qd2 Nc6 10. Ne2 Qd6 11. a4 b6 12. Ba3 Qd7 13. Nf4 Rg8 14. 0-0-0 Bb7 15. d5 exd5 16. Nxd5 Nxd5 17. Qxd5 0-0-0 18. Qxd7+ Rxd7 19. Rxd7 Kxd7 20. g3 Ne5 21. Bh3+ Ng4 22. Rd1+ Ke6 23. Rd2 c5 24. Bf1 Ne5 25. Be2 Bd5 26. Kb1 Bc4 27. Bd1 Nc6 28. Bc1 Rd8 29. Bg4+ f5 30. Rxd8 Nxd8 31. Bh5 Nc6 32. Bf4 Ne5 33. Kc1 Bd5 34. Kd2 Bc6 35. Bh6 Bxa4 36. Bg7 Bc6 37. Ke3 Ng6 38. c4 a6 39. h3 b5 40. Be2 b4 41. h4 a5 42. h5 Ne5 43. Kf4 Nf7 44. g4 fxg4 45. Bxg4+ Ke7 46. h6 Nd6 47. Bh5 Be8 48. Be2 Bg6 49. Ke5 a4 50. Kd5 e3 51. fxe3 Bxc2 52. Kxc5 b3 53. Kb4 Nf5 54. c5 Nxe3 55. c6 Nd5+ 56. Ka3 Kd6 57. Bb5 Nb6 58. Bd4 Nd5 59. Bxa4 Ne7 60. Bxb3 Bxb3 61. Kxb3 Nxc6 62. Bg7 Ke6 63. Kc3 1/2-1/2